[Event "3rd GRENKE Chess Open 2018"]
[Site "Karlsruhe"]
[Date "2018.03.30"]
[Round "3"]
[White "Zeller, Frank"]
[Black "Mikhalevski, Victor"]
[Result "1-0"]
[WhiteElo "2383"]
[BlackElo "2557"]
[Annotator "TA"]
[PlyCount "123"]
[EventDate "2018.??.??"]
[EventType "swiss"]
[EventCountry "GER"]
[SourceTitle "playchess.com"]
[Source "ChessBase"]
[SourceQuality "1"]

{[%evp 17,123,61,49,31,39,39,46,42,78,79,120,83,83,84,71,39,50,38,123,110,111,109,130,100,97,81,100,70,151,148,139,145,134,149,134,147,135,120,126,122,136,93,95,102,150,89,85,98,86,41,43,20,65,12,21,0,19,0,0,-22,-8,-8,-11,-98,-109,-88,-29,-59,-61,-60,-48,-45,-12,-13,-7,-52,0,0,0,0,0,0,0,0,0,0,0,0,0,0,0,0,0,-33,0,0,8,8,8,8,8,8,8,0,8,8,8,8]} 1. e4 e5 2. Nf3 Nc6 3. Bb5 a6 4. Ba4 g6 5. d4 exd4 6. Nxd4 Bg7 {C70: Ruy Lopez: 3...a6 4 Ba4, Norwegian and Delayed Schliemann} 7. Nxc6 bxc6 8. O-O Ne7 9. Nc3 O-O {LiveBook: 3 Games} 10. Bb3 $146 ({Predecessor:} 10. Bg5 h6 11. Be3 d6 12. Bd4 f6 13. f4 Kh8 14. f5 gxf5 15. exf5 Nxf5 16. Bxc6 {1-0 (58) Aryan,C (2483)-Ivanisevic,I (2656) Warsaw 2016}) 10... d6 11. Be3 Kh8 12. Qd2 Ng8 13. Rad1 f5 14. Bd4 Bxd4 15. Qxd4+ Qf6 16. Rfe1 {Hoping for e5.} Qxd4 17. Rxd4 Nf6 (17... Re8 $14) 18. e5 $16 Re8 {[#]} 19. f4 $1 $36 {[%mdl 2048] Keeping Black busy.} Bb7 20. Rb4 Ra7 21. Ba4 Re6 22. Re2 Nh5 (22... dxe5 $14 23. Bb3 (23. fxe5 Nd5 $16) (23. Rxe5 Rd6 $14) 23... Re7) 23. exd6 Rxe2 24. Nxe2 cxd6 25. Rb6 c5 26. Rxd6 Be4 27. c4 Re7 28. Bd1 ({Much worse is} 28. Rxa6 $6 Bb7 $11) 28... Bc2 {[#] aiming for ...Bxd1.} 29. Kf2 Bxd1 30. Rxd1 {[%mdl 4096] Endgame KRN-KRN} Re4 31. Rd8+ (31. b3 $142) 31... Kg7 32. Rd7+ Kh6 33. g3 Nf6 34. Ra7 (34. Rf7 {with more complications.} Ng4+ 35. Ke1 Rxc4 36. h3 Ne3 37. Rd7) 34... Ng4+ 35. Ke1 {Threatening h3.} Nxh2 36. Rxa6 Rxc4 37. Kd1 Ng4 38. Ra3 Nf2+ 39. Ke1 $1 {[%cal Re1f2]} Ne4 40. Kd1 (40. Nc3 $1 $11 {remains equal.}) 40... Rb4 $17 41. Kc2 Rb7 (41... Kh5 $17 42. Re3 Kg4) 42. Re3 Kh5 $1 43. a4 Ra7 44. Ra3 Ra5 45. Kd3 Nd6 46. Kc3 Kg4 ({Black should play} 46... Ra8 $15) 47. b4 $11 Ne4+ 48. Kc4 Nd2+ 49. Kc3 Nb1+ 50. Kb3 Nd2+ 51. Kc3 Ne4+ 52. Kc4 Nd6+ 53. Kb3 cxb4 54. Kxb4 Rd5 55. a5 Rd2 56. Nc3 {And now a6 would win.The position is equal.} Rb2+ 57. Kc5 Nb7+ 58. Kd4 {Strongly threatening a6.} Nxa5 59. Rxa5 Kxg3 60. Nd5 Rb7 61. Ra3+ Kg4 62. Ke5 {[%mdl 32768] Precision: White = 56%, Black = 52%. . Sensor Board Error (Ke4/e5)?} 1-0

[Event "3rd GRENKE Chess Open 2018"]
[Site "Karlsruhe"]
[Date "2018.03.30"]
[Round "3"]
[White "Kerigan, Demre"]
[Black "Santos Latasa, Jaime"]
[Result "0-1"]
[WhiteElo "2367"]
[BlackElo "2549"]
[Annotator "TA"]
[PlyCount "118"]
[EventDate "2018.??.??"]
[EventType "swiss"]
[EventCountry "GER"]
[SourceTitle "playchess.com"]
[Source "ChessBase"]
[SourceQuality "1"]

{[%evp 27,118,0,0,0,0,0,9,-9,0,0,0,0,0,0,0,0,0,0,0,0,4,0,13,-20,-19,-15,-12,-47,-38,-61,-47,-43,-28,-49,-48,-48,0,-36,0,-44,-58,-52,-50,-49,-35,-55,-38,-64,-80,-90,-44,-47,-31,-35,0,0,0,0,0,-8,-8,-8,-7,-8,0,0,0,-4,-4,-98,-98,-100,-100,-100,-127,-389,-370,-1766,-1724,-1650,-1628,-1315,-558,-1447,-1287,-1098,-1065,-683,-519,-510,-502,-395,0]} 1. e4 e5 2. Nf3 Nc6 3. Nc3 Nf6 4. d4 exd4 5. Nxd4 Bb4 6. Nxc6 bxc6 7. Bd3 d5 8. exd5 O-O 9. O-O cxd5 10. h3 {C47: Scotch Four Knights and Four Knights with 4 g3} (10. Bg5 c6 11. Na4 h6 12. Bh4 Re8 13. c4 dxc4 14. Bxc4 Qxd1 15. Rfxd1 g5 16. Bg3 Ne4 17. a3 Bf8 18. Rac1 Nxg3 19. hxg3 Rb8 20. b4 Bf5 21. Bd3 Bxd3 22. Rxd3 {½-½ (36) Artemiev,V (2691)-Carlsen,M (2837) Riadh 2017}) 10... c6 11. Qf3 Re8 12. Bf4 Bd6 13. Rfe1 Be6 14. Rad1 Qb8 {LiveBook: 5 Games} 15. Bxd6 Qxd6 16. Ne2 Bd7 17. Qf4 Qxf4 18. Nxf4 Kf8 $146 19. c4 Rxe1+ 20. Rxe1 Rb8 21. b3 a5 22. cxd5 cxd5 23. Re5 Bc6 24. Bc2 h6 25. a3 Nd7 26. Re1 Nc5 27. Rb1 Ke7 28. f3 Kd6 29. Ne2 Ne6 30. Kf2 Bb5 31. Nc3 Bc6 32. Ne2 Bb5 33. Nc3 Nd4 34. Bd1 Ba6 35. b4 Bd3 36. Rb2 {Ke3 is the strong threat.} Bc4 37. Rd2 axb4 38. axb4 Nb5 (38... Ne6 {is more complex.} 39. b5 Nc7 40. Be2 Nxb5 41. Nxb5+ Bxb5 42. Bxb5 Rxb5 43. Ra2 f6) 39. Nxb5+ Rxb5 $15 {[%mdl 4096] Endgame KRB-KRB} 40. Rb2 d4 41. f4 g5 42. Rd2 d3 43. fxg5 hxg5 44. Be2 Rf5+ 45. Bf3 $1 Re5 46. g3 Re8 47. g4 Bb5 48. Bg2 (48. Ra2 $11 {keeps the balance.}) 48... Ke5 $1 $17 {[%cal Re5d4] aiming for ...Kd4.} 49. Ke3 {[#]} f5 $1 {[%cal Rf5f4]} 50. gxf5 Kxf5+ 51. Kd4 $2 {[%mdl 8192]} (51. Kf2 $17) 51... Re2 $19 52. Kc3 $2 (52. Bc6 Bxc6 53. Rxd3) 52... Kf4 53. Bd5 Ke3 54. Rd1 Rc2+ 55. Kb3 Kd4 56. Be6 Re2 57. Bf7 d2 58. Bh5 Rg2 59. Bg4 {[#]} Ke5 $2 {[%mdl 32768] Precision: White = 55%, Black = 75%. . Sensor Board Error (Ke4/e5)?} (59... Rxg4 $1 $19 {[%mdl 512]} 60. Rxd2+ (60. hxg4 $2 {too greedy.} Kd3 $19) 60... Ke3) 0-1

[Event "3rd GRENKE Chess Open 2018"]
[Site "Karlsruhe"]
[Date "2018.03.30"]
[Round "3"]
[White "Hilverda, Alexander"]
[Black "Danin, Alexandre"]
[Result "1/2-1/2"]
[WhiteElo "2364"]
[BlackElo "2540"]
[Annotator "TA"]
[PlyCount "35"]
[EventDate "2018.??.??"]
[EventType "swiss"]
[EventCountry "GER"]
[SourceTitle "playchess.com"]
[Source "ChessBase"]
[SourceQuality "1"]

{[%evp 18,19,36,28]} 1. d4 d5 2. c4 c6 3. cxd5 cxd5 4. Nc3 Nf6 5. Bf4 Nc6 6. e3 e6 7. Nf3 Be7 8. h3 O-O 9. Bd3 Bd7 10. O-O {LiveBook: 88 Games} {Predecessor:} Nh5 $146 11. Bh2 f5 12. Rc1 Nf6 13. Ne5 Rc8 14. Qe2 Be8 15. a3 a6 16. Rc2 Nd7 17. Nxc6 Rxc6 18. Rfc1 {½-½ (48) Stern,R (2538)-Ragger,M (2698) Berlin 2015} 1/2-1/2

[Event "3rd GRENKE Chess Open 2018"]
[Site "Karlsruhe"]
[Date "2018.03.30"]
[Round "3"]
[White "Sawlin, Leonid"]
[Black "Kollars, Dmitrij"]
[Result "1-0"]
[WhiteElo "2359"]
[BlackElo "2534"]
[Annotator "TA"]
[PlyCount "149"]
[EventDate "2018.??.??"]
[EventType "swiss"]
[EventCountry "GER"]
[SourceTitle "playchess.com"]
[Source "ChessBase"]
[SourceQuality "1"]

{[%evp 13,149,38,44,26,26,19,33,26,37,14,20,0,0,0,29,16,31,28,36,25,25,25,30,0,0,0,8,0,0,0,12,10,38,37,37,30,55,55,55,55,47,0,16,0,3,7,7,0,0,0,0,0,0,0,0,0,27,4,15,18,14,13,11,16,13,23,97,97,97,96,84,83,121,7,62,62,58,32,105,69,68,68,72,45,49,8,49,47,49,48,52,28,28,12,16,16,45,0,0,0,0,0,0,0,0,0,0,1,2,0,24,26,65,65,65,65,69,69,69,69,69,70,71,72,72,71,72,72,72,72,72,72,72,0,72,0,72,0]} 1. e4 e5 2. Nf3 Nc6 3. Bc4 Nf6 4. d3 Be7 5. O-O O-O 6. Re1 d6 7. a4 Be6 {LiveBook: 266 Games} 8. Na3 {C55: Two Knights: 4 d3, 4 d4 exd4 5 e5 and Max Lange Attack} (8. Nc3 Qd7 9. a5 a6 10. Nd5 Bxd5 11. Bxd5 Nxd5 12. exd5 Nd4 13. Nxd4 exd4 14. h3 Bf6 15. Qf3 Qb5 {0-1 (58) Harikrishna,P (2744)-Wang,H (2709) Huaian 2017}) 8... Qd7 9. c3 Rfe8 $146 ({Predecessor:} 9... Kh8 10. b4 Rae8 11. b5 Nd8 12. d4 Bg4 13. Qd3 Ne6 14. Nc2 Nf4 15. Bxf4 exf4 {1-0 (55) Tseshkovsky,V (2540)-Shchekachev,A (2500) Krasnodar 1996}) 10. Bxe6 {White is slightly better.} Qxe6 11. d4 exd4 12. cxd4 {[#] d5 is the strong threat.} d5 13. Nb5 {Hoping for exd5.} Bd8 14. Ng5 Qd7 {[%cal Rd5e4]} 15. e5 Ne4 16. Nxe4 dxe4 17. Be3 Be7 18. Qc2 a6 19. Nc3 Nxd4 20. Bxd4 Qxd4 21. Rxe4 Qc5 22. Qb3 Qb6 23. Qxb6 cxb6 24. Nd5 Rad8 25. Rd1 $1 Kf8 26. Kf1 Rd7 27. Ke2 Red8 28. Nc3 Bc5 29. Rxd7 Rxd7 $11 {[%mdl 4096] Endgame KRB-KRN} 30. b3 Ke7 31. Rc4 Ke6 32. f4 f6 33. exf6 gxf6 34. Ne4 Be7 35. g4 f5 36. gxf5+ Kxf5 37. Ng3+ Kg4 38. f5+ Kg5 39. Re4 Bc5 (39... Bd8 $11) 40. h4+ $16 Kf6 41. Re6+ Kf7 42. Ne4 Rd5 43. Ng5+ (43. Nxc5 $16 bxc5 44. Rb6) 43... Kf8 ({Black should try} 43... Kg8 $1 $11) 44. b4 $14 Bxb4 45. Rxb6 Re5+ ({Better is} 45... Bc3 $14) 46. Kd3 Ba5 47. Rxb7 Rxf5 48. Ne6+ Kg8 49. Rg7+ Kh8 50. Ra7 {[#] Ra8+ would kill now.} h6 51. Rxa6 {Threatens to win with Ke4.} Be1 52. Ke4 Rh5 53. Nf4 Rxh4 54. Kf5 Kg8 55. Nd5 {Black must now prevent Nf6+.} Rh5+ 56. Ke6 Rh2 $1 57. Nf4 Bd2 58. Ra8+ Kg7 59. Ra7+ Kg8 60. Nd5 {White threatens Nf6+ and mate.} Re2+ 61. Kd6 (61. Kf6 {is interesting.} Rf2+ 62. Kg6 Rg2+ 63. Kf5 Rf2+ 64. Ke4) 61... Kf8 (61... Bg5 {seems wilder.} 62. a5 h5 63. a6 Ra2 64. Ke6 Ra5) 62. a5 {And now a6 would win.} Bxa5 63. Rxa5 $11 {KRN-KR} Re1 64. Ra7 h5 65. Nf4 h4 66. Ng6+ Ke8 67. Nxh4 Rd1+ 68. Ke6 Re1+ 69. Kf6 Kd8 70. Ng6 Rb1 71. Ne7 Re1 72. Nc6+ Kc8 73. Ne7+ Kd8 74. Nc6+ Kc8 $1 75. Ne7+ {[%mdl 32768] Precision: White = 52%, Black = 66%. . Loss on Time!?} (75. Ne5 $16) 1-0

[Event "3rd GRENKE Chess Open 2018"]
[Site "Karlsruhe"]
[Date "2018.03.30"]
[Round "3"]
[White "Hainke, Guntram"]
[Black "Lobron, Eric"]
[Result "0-1"]
[WhiteElo "2338"]
[BlackElo "2503"]
[Annotator "TA"]
[PlyCount "72"]
[EventDate "2018.??.??"]
[EventType "swiss"]
[EventCountry "GER"]
[SourceTitle "playchess.com"]
[Source "ChessBase"]
[SourceQuality "1"]

{[%evp 16,72,29,0,25,25,39,43,33,41,33,37,35,40,40,44,32,0,0,0,0,0,0,8,0,0,-12,-26,-34,-127,-127,-164,-114,-395,-385,-970,-447,-443,-432,-582,-300,-320,-319,-298,-230,-352,-352,-442,-431,-512,-497,-1241,-1457,-1427,-1441,-1854,-1752,-1739,-1675]} 1. d4 Nf6 2. c4 e6 3. Nc3 Bb4 4. e3 O-O 5. Nge2 d5 6. a3 Bd6 7. Ng3 c5 8. dxc5 Bxc5 9. b4 Bb6 {E46: Nimzo-Indian: Rubinstein: 4 e3 0-0 5 Ne2 without early Bd3} 10. Bb2 Nc6 11. Be2 d4 {White is slightly better.} 12. exd4 Bxd4 13. O-O e5 14. Qc2 Be6 15. Rad1 Qe7 16. Nf5 Bxf5 $1 17. Qxf5 a5 $146 18. b5 Nd8 $1 19. Bf3 Ne6 20. Rfe1 Rad8 {White should prevent ...e4!} 21. Qc2 Qc7 22. Rc1 (22. Qb3 $15) 22... Qxc4 $17 23. a4 Nc5 {[#] White must now prevent ...Nd3.} 24. Ba3 $2 {[%mdl 8192]} (24. Red1 $17 {keeps fighting.}) 24... Nd3 $19 25. Be2 $2 (25. Rf1 Nxc1 26. Rxc1) 25... Nxe1 (25... Bxf2+ $142 26. Kh1 Bxe1) 26. Bxc4 Nxc2 27. Bxf8 Kxf8 ({Not} 27... Rxf8 28. Rxc2 g6 29. g3 $17) 28. Rxc2 Bxc3 29. Rxc3 {[%mdl 4096] Endgame KRB-KRN} Ne4 30. Rd3 (30. Rc1 $142) 30... Rd4 31. Rxd4 exd4 {KB-KN. Black is clearly winning.} 32. b6 Nc3 33. Ba6 (33. Kf1 $142 Nxa4 34. Ke2) 33... Nxa4 34. Bxb7 Nxb6 35. Kf1 a4 {[%cal Ba5a4,Ba4a3][%mdl 32]} 36. Be4 a3 {Precision: White = 37%, Black = 73%.} 0-1

[Event "3rd GRENKE Chess Open 2018"]
[Site "Karlsruhe"]
[Date "2018.03.30"]
[Round "3"]
[White "Freeke, Matthieu"]
[Black "Korpa, Bence"]
[Result "0-1"]
[WhiteElo "2335"]
[BlackElo "2502"]
[Annotator "TA"]
[PlyCount "50"]
[EventDate "2018.??.??"]
[EventType "swiss"]
[EventCountry "GER"]
[SourceTitle "playchess.com"]
[Source "ChessBase"]
[SourceQuality "1"]

{[%evp 22,50,0,0,0,6,10,0,0,0,0,-70,-70,-67,-62,-68,-78,-108,-105,-105,-100,-97,-90,-106,-108,-279,-277,-269,-269,-2041,-88]} 1. Nf3 c5 2. c4 Nf6 3. d4 cxd4 4. Nxd4 Nc6 5. Nc3 e6 6. Ndb5 d5 7. Bf4 e5 8. cxd5 exf4 9. dxc6 bxc6 10. Qxd8+ Kxd8 11. Rd1+ Bd7 12. Nd6 Ke7 {A33: Symmetrical English: 2 Nf3 Nf6 3 d4 cxd4 4 Nxd4 e6 5 Nc3 Nc6} (12... Bxd6 13. Rxd6 Ke7 14. Rd2 Nd5 15. Na4 Bf5 16. g3 Nb6 17. Nc3 Nc4 18. Rd4 Nxb2 19. Rxf4 Be6 20. Bg2 Rab8 {½-½ (30) Adhiban,B (2671)-Salem,A (2617) Abu Dhabi 2016}) 13. Nc4 Nd5 14. Ne5 Rb8 {The position is equal.} 15. Nxd7 Kxd7 16. Nxd5 $146 (16. g3 $11) ({Predecessor:} 16. g3 Bb4 17. Bg2 Ke6 18. gxf4 Nxf4 19. Bxc6 Rhd8 20. Rxd8 Rxd8 {½-½ (28) Markoja,B (2163)-Duda,J (2536) Maribor 2013}) 16... cxd5 $15 17. Rb1 Bb4+ 18. Kd1 Bc5 19. e3 fxe3 20. fxe3 Rhe8 21. Be2 Rxe3 (21... Bxe3 $2 22. b3 $19) 22. Re1 Kd6 $36 {[%mdl 2048] Strongly threatening ...Rbe8. Black is in control.} 23. b3 $2 {[#]} (23. Bh5 $17 {is a better defense.}) 23... Rbe8 $1 $19 24. b4 Bd4 {And now ...Bc3 would win.} 25. Ra1 $2 (25. Rc1) 25... Ke5 $2 {Precision: White = 33%, Black = 66%.} (25... Bxa1 $19 {is more deadly.} 26. Rf1 Rxe2) 0-1

[Event "3rd GRENKE Chess Open 2018"]
[Site "Karlsruhe"]
[Date "2018.03.30"]
[Round "3"]
[White "Podat, Vladimir"]
[Black "Fedorovsky, Michael"]
[Result "1/2-1/2"]
[WhiteElo "2324"]
[BlackElo "2471"]
[Annotator "TA"]
[PlyCount "42"]
[EventDate "2018.??.??"]
[EventType "swiss"]
[EventCountry "GER"]
[SourceTitle "playchess.com"]
[Source "ChessBase"]
[SourceQuality "1"]

{[%evp 12,42,31,20,47,48,45,18,25,15,32,5,18,18,31,12,18,22,43,37,71,68,75,76,133,125,123,127,121,121,124,109,166]} 1. d4 Nf6 2. Nf3 d5 3. Bf4 c5 4. e3 Nc6 5. Be2 e6 6. O-O {D02: 1 d4 d5 2 Nf3 sidelines, including 2...Nf6 3 g3 and 2...Nf6 3 Bf4} Bd6 7. dxc5 {LiveBook: 8 Games} Bxf4 8. exf4 {White is slightly better.} Qa5 9. Nc3 $146 ({Predecessor:} 9. Nbd2 Qxc5 10. Nb3 Qb6 11. c3 O-O 12. Rb1 Bd7 13. Bd3 {½-½ (82) Grischuk,A (2761)-So,W (2812) Paris 2017}) 9... Qxc5 10. Nb5 {aiming for Nc7+.} O-O 11. a4 Bd7 12. c3 Rac8 13. Bd3 a6 14. Nbd4 Ne4 15. Qe2 f5 16. Nxc6 Bxc6 17. Nd4 Qd6 {[#]} (17... Bd7 $142) 18. f3 $1 $16 Nc5 {[#]White is better.} 19. Bc2 $1 Qd7 20. Rfe1 Rf6 21. a5 Bb5 {Precision: White = 51%, Black = 56%.} (21... Qd6 $16) 1/2-1/2

[Event "3rd GRENKE Chess Open 2018"]
[Site "Karlsruhe"]
[Date "2018.03.30"]
[Round "3"]
[White "De Boer, Eelke"]
[Black "Pavlovic, Milos"]
[Result "0-1"]
[WhiteElo "2323"]
[BlackElo "2466"]
[Annotator "TA"]
[PlyCount "88"]
[EventDate "2018.??.??"]
[EventType "swiss"]
[EventCountry "GER"]
[SourceTitle "playchess.com"]
[Source "ChessBase"]
[SourceQuality "1"]

{[%evp 21,88,24,24,-15,-15,-5,39,29,25,-4,36,31,37,42,40,36,50,77,43,28,22,21,59,51,56,47,59,25,31,-3,227,265,255,257,231,132,185,40,44,0,0,13,15,-34,-18,-56,14,0,11,10,14,-43,-38,-184,-150,-139,-138,-346,-131,-270,-252,-270,-263,-263,-270,-268,-263,-270,-242]} 1. e4 e5 2. Nf3 Nc6 3. Bb5 Nf6 4. d3 d6 5. c3 g6 6. O-O Bg7 7. Re1 O-O {C66: Ruy Lopez: Steinitz Defence} 8. h3 (8. Nbd2 a6 9. Ba4 b5 10. Bc2 Re8 11. a4 b4 12. a5 Rb8 13. Ba4 Bd7 14. c4 Ne7 15. c5 Bxa4 16. Qxa4 Rb5 17. cxd6 cxd6 18. Nc4 d5 19. Ncxe5 Nd7 20. Nxd7 Qxd7 21. exd5 {½-½ (21) Salem,A (2608)-Sasikiran,K (2639) Biel 2016}) 8... Nb8 9. d4 Nbd7 10. Nbd2 Re8 $146 ({Predecessor:} 10... Qe7 11. a4 Nh5 12. a5 a6 13. Bf1 Re8 14. Nc4 Nf8 {0-1 (32) Neuschmied,S (2179)-Bernardi,M (2055) Austria 2000}) 11. Bd3 b6 {LiveBook: 8 Games} 12. Nf1 Bb7 13. Ng3 c6 14. Bd2 Qc7 15. Qc1 Nf8 16. Bh6 Ne6 17. Bc2 Bh8 18. Qd2 Rad8 19. Rad1 Nd7 20. Bb3 d5 21. Qc1 Qb8 22. h4 exd4 23. cxd4 Nf6 24. e5 Ng4 25. Bg5 f6 $2 (25... Rc8 $1 $11) 26. exf6 $18 Bxf6 27. Bxf6 Nxf6 {[#]} 28. Ne5 (28. h5 $1 $18 {[%mdl 512]}) 28... Qd6 {[#]} (28... Nxd4 $2 29. Qg5 $18) (28... Ng7 $16) 29. Qc3 (29. h5 $1 $18 {[%mdl 512]}) 29... Ng7 $14 30. Qd3 (30. Qd2 {seems wilder.} c5 31. Qg5 cxd4 32. Rxd4 Re6 33. Rf4) 30... Re7 31. Ne4 Nxe4 32. Qxe4 Rde8 33. Qd3 Qf6 (33... Nf5 $15) 34. g3 $1 $11 c5 {Threatens to win with ...c4.} 35. Ba4 Rf8 36. Rf1 (36. f4 $11) 36... Qd6 $36 {[%mdl 2048] Black fights for an advantage.} 37. Ng4 (37. f4 $15) 37... Nf5 38. dxc5 bxc5 {And now ...Nd4 would win.} ({But not} 38... Qxc5 39. Bb3 $15) 39. Rde1 $2 (39. Rfe1 $17) 39... d4 $2 (39... Ba6 $19 {has better winning chances.} 40. Qc3 Bxf1 41. Rxf1 h5) 40. Bb3+ (40. Rxe7 $17 Qxe7 41. f4) 40... Kg7 $19 {Black has a decisive advantage.} 41. Rxe7+ Qxe7 ({Weaker is} 41... Nxe7 42. Qe2 $15) 42. Qd2 Qd6 {aiming for ...h5.} ({Don't do} 42... Qe4 43. f3 $17) 43. Re1 Qc6 {[%csl Gb7][%cal Rc6h1]} 44. Re7+ Kh8 {Precision: White = 32%, Black = 50%.} 0-1

[Event "3rd GRENKE Chess Open 2018"]
[Site "Karlsruhe"]
[Date "2018.03.30"]
[Round "3"]
[White "Buckels, Valentin"]
[Black "Basso, Pier Luigi"]
[Result "1/2-1/2"]
[WhiteElo "2318"]
[BlackElo "2459"]
[Annotator "TA"]
[PlyCount "84"]
[EventDate "2018.??.??"]
[EventType "swiss"]
[EventCountry "GER"]
[SourceTitle "playchess.com"]
[Source "ChessBase"]
[SourceQuality "1"]

{[%evp 19,84,20,20,8,24,20,20,10,20,0,0,0,13,0,7,-43,0,-80,-80,-80,-80,-80,-80,-97,-97,-97,-97,-106,-104,-116,-105,-118,-104,-104,-104,-137,-118,-170,0,-118,-104,-156,-135,-127,-8,-8,-8,-8,-8,-8,-8,-8,-8,-8,-8,-8,-6,-8,0,0,0,0,0,0,0,0,0]} 1. d4 d5 2. c4 c6 3. e3 Nf6 4. Nf3 Bg4 5. Nc3 e6 6. Qb3 Qb6 7. Nh4 {D11: Slav Defence: 3 Nf3 sidelines and 3...Nf6 4 e3 Bg4} Bh5 8. h3 Qxb3 (8... Be7 9. g4 Bg6 10. Nxg6 hxg6 11. Bg2 g5 12. O-O Nbd7 13. Rd1 Qc7 14. e4 Nxe4 15. Nxe4 dxe4 16. Bxe4 {1-0 (30) Carlsen,M (2855)-So,W (2770) Leuven 2016}) 9. axb3 Na6 10. c5 Nc7 {LiveBook: 3 Games} 11. b4 a6 12. g4 Bg6 13. g5 $146 ({Predecessor:} 13. f3 O-O-O 14. Bd2 Be7 15. Nxg6 hxg6 {0-1 (48) Perez Ponsa,F (2541)-Shankland,S (2624) Tromsoe 2014}) 13... Ne4 14. Nxe4 Bxe4 15. f3 $1 {[%cal Rf3e4]} Bf5 16. Nxf5 exf5 17. Bd3 g6 18. f4 (18. h4 $11 {keeps the balance.}) 18... h6 $17 19. gxh6 Rxh6 20. Bd2 Kd7 21. Rh2 Be7 22. Kf2 Rah8 23. Rah1 Ne8 24. Kg2 Bh4 25. Be1 Ke6 26. Bxh4 Rxh4 27. Kg3 Nf6 28. Bc2 (28. Rg1 $17) 28... Ne8 (28... Ne4+ $19 29. Bxe4 fxe4) 29. Bd3 $1 Kf6 30. b5 ({White should try} 30. Ra1) 30... axb5 31. Ra1 {[#]} Nc7 (31... Kg7 $1 $17 {Threatens to win with ...Nf6.} 32. Be2 Nf6) 32. Ra7 $11 {The position is equal.} Ne6 {aiming for ...g5.} 33. Rxb7 g5 34. fxg5+ Nxg5 {[%cal Rh4h3]} 35. Rb6 $1 {[%cal Rb6c6]} Rxh3+ 36. Rxh3 Rxh3+ {[%mdl 4096] Endgame KRB-KRN} 37. Kg2 $132 {[%mdl 2048] White is fighting back} Rxe3 38. Bxb5 $1 (38. Rxc6+ $2 Ne6 $17) 38... f4 39. Bxc6 Rg3+ 40. Kf1 Rf3+ 41. Kg2 Rg3+ 42. Kf1 Rf3+ {Precision: White = 56%, Black = 61%.} 1/2-1/2

[Event "3rd GRENKE Chess Open 2018"]
[Site "Karlsruhe"]
[Date "2018.03.30"]
[Round "3"]
[White "Petkidis, Anthony"]
[Black "Milov, Leonid"]
[Result "1-0"]
[WhiteElo "2314"]
[BlackElo "2455"]
[Annotator "TA"]
[PlyCount "117"]
[EventDate "2018.??.??"]
[EventType "swiss"]
[EventCountry "GER"]
[SourceTitle "playchess.com"]
[Source "ChessBase"]
[SourceQuality "1"]

{[%evp 22,117,50,55,89,80,104,111,110,100,97,103,105,67,63,66,59,60,68,14,78,86,108,96,96,55,102,114,104,106,152,136,158,150,164,150,141,123,129,85,105,103,106,105,106,91,112,109,203,207,267,272,267,274,274,275,274,265,268,267,275,266,276,274,262,260,266,266,266,197,895,888,914,864,699,673,1019,1066,975,879,1157,1156,1035,954,1110,1189,2077,1787,1468,1416,5638,5627,5293,5195,29969,29966,29976,29977]} 1. e4 c5 2. Nf3 e6 3. d4 cxd4 4. Nxd4 Nc6 5. Nc3 Qc7 6. Be3 a6 7. Bd3 Nf6 8. O-O Ne5 9. Nf3 d6 {B48: Sicilian: Taimanov: 5 Nc3 Qc7 6 Be3 a6 without Be2} (9... Neg4 10. Bg5 h6 11. Bh4 Bd6 12. Bg3 Bxg3 13. hxg3 O-O 14. Qe2 d6 15. Rae1 b5 16. e5 dxe5 17. Nxe5 Nxe5 18. Qxe5 Qxe5 19. Rxe5 {0-1 (60) Iljiushenok,I (2519)-Rublevsky,S (2683) Sochi 2017}) 10. Na4 Nfd7 11. Nxe5 dxe5 12. c4 {LiveBook: 3 Games} Nc5 13. Bc2 $1 Nxa4 $146 ({Find the theoretical novelty and annotate with similar games:} 13... Bd7 14. Nc3 a5 15. Qg4 g6 16. Rfd1 Bg7 17. Qf3 {1-0 (28) Dembo,Y (2461)-Chulivska,V (2279) Cappelle-la-Grande 2006}) 14. Bxa4+ Bd7 15. Bb6 $1 {[%cal Rb6c7]} Bxa4 16. Qxa4+ Qd7 17. Qc2 Qc6 18. c5 Rc8 {Strongly threatening ...Qxb6!} 19. Rac1 Be7 20. Qd3 (20. Rfd1 $1 $14) 20... O-O (20... Bd8 $1 $11 {remains equal.} 21. Bxd8 Rxd8) 21. Rfd1 $1 $16 Bg5 22. Rc4 f5 23. Qd6 Qe8 24. b3 Bf6 25. Qd7 Rf7 26. Qxe8+ Rxe8 27. Rd6 Bg5 28. c6 bxc6 29. Rcxc6 fxe4 30. Bc5 a5 31. Rxe6 Rd8 {[%cal Rd8d1]} 32. Red6 Rxd6 33. Bxd6 {[%mdl 4096] Endgame Rc8+ would kill now. KRB-KRB} ({But not} 33. Rxd6 $6 Rc7 $11) 33... Rd7 {...Be7 is the strong threat.} 34. Kf1 Bd2 (34... h5 $16 {might work better.} 35. g3 (35. Bxe5 Rd1+ 36. Ke2 Rd2+ 37. Ke1 e3 $11) 35... Kf7) 35. Bxe5 $18 Bb4 {[#]} 36. Rc8+ $1 Kf7 {[#] ( -> ...Rd1+)} 37. Rc7 $1 {[%cal Rc7d7]} Rxc7 38. Bxc7 {KB-KB} Ke6 39. Ke2 Kd5 40. Bf4 Bc5 41. Bd2 Bb6 42. Be3 Bc7 43. h3 Bd6 44. Bd2 Bc7 45. a4 {[%cal Ba2a4,Ba4a5,Ba5a6][%mdl 32]} h5 $2 (45... g6 46. Bc3 Bd8) 46. b4 axb4 47. Bxb4 Kc4 48. Bd2 Bd8 49. a5 Kb5 50. Bc3 g6 51. Ke3 Kc4 52. Bd2 Kd5 53. a6 Bb6+ 54. Ke2 Kc6 55. Be3 Bd8 56. Kd2 Bf6 57. Kc2 g5 58. g4 hxg4 59. hxg4 {Precision: White = 85%, Black = 32%.} 1-0